Online Catalogue and eLibrary

Parathiyin puthuchcheri vaalkai (Record no. 4100)

MARC details
000 -LEADER
fixed length control field 00365nam a2200145Ia 4500
005 - DATE AND TIME OF LATEST TRANSACTION
control field 20250320221433.0
008 - FIXED-LENGTH DATA ELEMENTS--GENERAL INFORMATION
fixed length control field 240331s9999 xx 000 0 und d
082 ## - DDC Classification
Item Number - Author Mark PAC
Class No. 894
100 ## - MAIN ENTRY--PERSONAL NAME
Personal name Paachiyappan, R
245 #0 - TITLE STATEMENT
Title Parathiyin puthuchcheri vaalkai
260 ## - PUBLICATION, DISTRIBUTION, ETC.
Place of publication, distribution, etc. Chennai
Name of publisher, distributor, etc. Ponni
Date of publication, distribution, etc. 2004
300 ## - PHYSICAL DESCRIPTION
Extent (e.g. Volumes, Pages etc.) 80 p .,
500 ## - GENERAL NOTE
General note A story of harathiyer Valkai
942 ## - Koha item type (Biblio)
Koha item type Books in Stacks (Lending)
Holdings
Lost status Damaged status Collection code Home library Current library Shelving location Date acquired Full call number Accession Number Item type
    Lending WERC Library WERC Library Social Science Cupboard 03/31/2024 894.811 PAC 1974 Books in Stacks (Lending)

© WERC Library